| 000 | 01365nam a2200253 a 4500 | ||
|---|---|---|---|
| 008 | 100122s2008 ||||||||||||||||| || u | ||
| 020 | _a9781844076369 | ||
| 050 | _aHC 79.P6 LIN | ||
| 100 | _aJackson, William | ||
| 245 | 1 | 0 |
_aLinking conservation and poverty reduction: landscapes, people and power _cby Robert Fisher; [and others] |
| 260 |
_aLondon: _bEarthscan _c2008 |
||
| 300 | _axiv, 146p.: ill. | ||
| 350 | _a0.00 | ||
| 650 | _aRURAL DEVELOPMENT--CITIZEN PARTICIPATION | ||
| 650 | _aPOOR--RESEARCH--DEVELOPING COUNTRIES | ||
| 650 | _aRURAL POOR | ||
| 650 | _aSUSTAINABLE DEVELOPMENT--ARAB REGION | ||
| 700 | _aMaginnis, Stewart | ||
| 700 | _aFisher, Robert | ||
| 995 |
_aMAIN LIBRARY OPEN ACCESS _D0.00 _e740498 _FCBU-MAIN LIBRARY (Kitwe) _H1 _I0.00 _jHC 79.P6 LIN _M2 _UAVAILABLE _WMar 1, 2010 _y740498 _ZMain Library Open Access Collection |
||
| 995 |
_aANNEX COLLECTION (Main Library) _e742744 _FCBU-MAIN LIBRARY (Kitwe) _I0.00 _jHC 79.P6 LIN _M4 _UAVAILABLE _WSep 4, 2012 _y742744 _ZAnnex Low-Usage Collection |
||
| 995 |
_aMAIN LIBRARY OPEN ACCESS _D0.00 _e741918 _FCBU-MAIN LIBRARY (Kitwe) _H1 _I0.00 _jHC 79.P6 LIN _M3 _UAVAILABLE _WNov 16, 2010 _y741918 _ZMain Library Open Access Collection |
||
| 995 |
_aANNEX COLLECTION (Main Library) _D0.00 _e740497 _FCBU-MAIN LIBRARY (Kitwe) _H1 _I0.00 _jHC 79.P6 LIN _M1 _UAVAILABLE _WMar 1, 2010 _y740497 _ZAnnex Low-Usage Collection |
||
| 999 |
_c80532 _d80532 |
||